LEADER 01447cam0 2200325 450 001 E600200025907 005 20210409071133.0 100 $a20070319d1971 |||||ita|0103 ba 101 $aita 102 $aIT 200 1 $a<>origine della famiglia della proprietà privata e dello stato$eIn rapporto alle indagini di Lewis H. Morgan$fFriedrich Engels$gintroduzione e note di Fausto Codino 210 $aRoma$cEditori Riuniti$d1971 215 $a219 p.$d22 cm 225 2 $aBiblioteca del pensiero moderna 410 1$1001LAEC00023479$12001 $a*Biblioteca del pensiero moderna 700 1$aEngels$b, Friedrich$3AF00014607$4070$036926 702 1$aCodino, Fausto$3A600200032860$4070 801 0$aIT$bUNISOB$c20210409$gRICA 850 $aUNISOB 852 $aUNISOB$j900|Coll|1|K$m15550 852 $aUNISOB$j900|Coll|1|K$m15551 852 $aUNISOB$j900|Coll|1|K$m16870 912 $aE600200025907 940 $aM 102 Monografia moderna SBN 941 $aM 957 $a900|Coll|1|K$b000007$i-b$gSi$d15550$racquisto$1pregresso1$2UNISOB$3UNISOB$420070319113925.0$520170109125640.0$6Alfano 957 $a900|Coll|1|K$b000007$i-c$gSI$d15551$1Alfano$2UNISOB$3UNISOB$420170109125643.0$520170110121404.0$6Alfano 957 $a900|Coll|1|K$b000007$gSI$d16870$racquisto$1Alfano$2UNISOB$3UNISOB$420170109125750.0$520170110121345.0$6Alfano 996 $aOrigine della famiglia, della proprietà privata e dello Stato$9142366 997 $aUNISOB LEADER 01346nam0 22003371i 450 001 UON00379964 005 20231205104522.289 010 $a88-06-05610-7 100 $a20100408d1983 |0itac50 ba 101 $aita 102 $aIT 105 $a|||| ||||| 200 1 $aLibro blu e Libro marrone$fLudwig Wittgenstein$gedizione italiana a cura di Amedeo G. Conte$gintroduzione di Aldo Gargani 210 $aTorino$cG. Einaudi$d1983 215 $aLXVI, 240 p.$d21 cm. 312 $aTit. orig.$9UON00379965 410 1$1001UON00066174$12001 $aEinaudi paperbacks$v146 500 0$3UON00379965$aˆThe ‰Blue and Brown Books$921979 606 $aFilosofia$xSec. 20.$3UONC006153$2FI 620 $aIT$dTorino$3UONL000014 676 $a149.94$cSistemi e dottrine filosofiche. Filosofie linguistiche$v21 700 1$aWittgenstein$bLudwig$3UONV050373$051308 702 1$aCONTE$bAmedeo G.$3UONV138527 702 1$aGargani$bAldo G.$3UONV104704 712 $aEinaudi$3UONV246211$4650 801 $aIT$bSOL$c20250606$gRICA 899 $aSIBA - SISTEMA BIBLIOTECARIO DI ATENEO$2UONSI 912 $aUON00379964 950 $aSIBA - SISTEMA BIBLIOTECARIO DI ATENEO$dSI FS 03817 $eSI FP 2114 5 996 $aBlue and Brown Books$921979 997 $aUNIOR